Loading...
| Fine Arts - Visual | 0 | 4 | 0 | 0 | 40 | 60 | 84.75 | 1 | 4 | 14.85 | 30.00 |
| Literature - British | 0 | 2 | 0 | 0 | 20 | 81 | 90.00 | 0 | 2 | 5.89 | 15.00 |
| Fine Arts - Other | 0 | 2 | 0 | 0 | 20 | 88 | 108.00 | 0 | 2 | 4.41 | 15.00 |
| Fine Arts - Classical Music | 0 | 2 | 1 | 0 | 15 | 89 | 96.00 | 0 | 1 | 4.46 | 11.25 |
| Literature - World/Other | 0 | 1 | 0 | 0 | 10 | 75 | 75.00 | 0 | 1 | 4.83 | 7.50 |
| History - American | 0 | 1 | 0 | 0 | 10 | 119 | 119.00 | 0 | 0 | 0.78 | 3.75 |
| History - World | 0 | 1 | 0 | 0 | 10 | 69 | 69.00 | 0 | 1 | 4.89 | 7.50 |
| Literature - European | 0 | 1 | 0 | 0 | 10 | 104 | 104.00 | 0 | 1 | 3.07 | 7.50 |
| Mythology | 0 | 1 | 0 | 0 | 10 | 62 | 62.00 | 0 | 1 | 5.34 | 8.75 |
| Pop Culture | 0 | 1 | 0 | 0 | 10 | 54 | 54.00 | 1 | 1 | 30.99 | 50.00 |
| Science - Chemistry | 0 | 1 | 0 | 0 | 10 | 115 | 115.00 | 0 | 0 | 0.50 | 3.75 |
| Science - Biology | 0 | 1 | 1 | 0 | 5 | 78 | 78.00 | 1 | 1 | 3.16 | 10.00 |
| Science - Other | 0 | 0 | 0 | 0 | 0 | 0.00 | 0 | 0 | 0.00 | 0.00 | |
| Religion | 0 | 1 | 3 | 0 | -5 | 45 | 45.00 | 0 | 1 | 6.51 | 7.50 |
| History - Other | 0 | 0 | 1 | 0 | -5 | 0.00 | 0 | 0 | 0.00 | 0.00 | |
| Social Science | 0 | 0 | 1 | 0 | -5 | 0.00 | 0 | 0 | 0.00 | 0.00 | |
| Philosophy | 0 | 0 | 1 | 0 | -5 | 0.00 | 0 | 0 | 0.00 | 0.00 |